Online Catalogue and eLibrary

Aspects of ethnicity and gender among the Rodi of Sri Lanka (Record no. 5632)

MARC details
000 -LEADER
fixed length control field 00476nam a2200181Ia 4500
005 - DATE AND TIME OF LATEST TRANSACTION
control field 20240801030946.0
008 - FIXED-LENGTH DATA ELEMENTS--GENERAL INFORMATION
fixed length control field 240331s9999 xx 000 0 und d
020 ## - INTERNATIONAL STANDARD BOOK NUMBER
ISBN 9555800669
082 ## - DDC Classification
Item Number - Author Mark WEE
Class No. 376
100 ## - MAIN ENTRY--PERSONAL NAME
Personal name Weeratunge,N
245 #0 - TITLE STATEMENT
Title Aspects of ethnicity and gender among the Rodi of Sri Lanka
250 ## - EDITION STATEMENT
Edition statement 2 nd
260 ## - PUBLICATION, DISTRIBUTION, ETC.
Place of publication, distribution, etc. Colombo
Name of publisher, distributor, etc. International Centre For Ethnic Studies
Date of publication, distribution, etc. 2002
300 ## - PHYSICAL DESCRIPTION
Extent (e.g. Volumes, Pages etc.) 142 p .,
650 ## - SUBJECT ADDED ENTRY--TOPICAL TERM
Topical term or geographic name entry element Gender
650 ## - SUBJECT ADDED ENTRY--TOPICAL TERM
Topical term or geographic name entry element Ethnicity
942 ## - Koha item type (Biblio)
Koha item type Books in Stacks (Lending)
Holdings
Lost status Damaged status Collection code Home library Current library Shelving location Date acquired Full call number Accession Number Item type
    Lending WERC Library WERC Library Social Science Cupboard 03/31/2024 376 WEE 6270 Books in Stacks (Lending)

© WERC Library